Para entender el cambio climt̀ico un problema de todos, una responsabilidad de todos /

Detalles Bibliográficos
Autor principal: Přez Fuentes, Judith
Otros Autores: Pacheco Llanes, Ramn̤
Formato: eBook
Lenguaje:español
Publicado: Ciudad de Mx̌ico: Cm̀ara de Diputados, 2011
Materias:
Acceso en línea:Acceso restringido

MARC

LEADER 00000nam a22000007a 4500
005 20171211192231.0
007 cr|||| ||||
008 171211s2011 mx |||||s|||| 00||0 spa d
020 |a 978-607-401-486-0 
035 |a 20879 
040 |a vLex 
090 |c 7295  |d 7295 
100 1 |a Přez Fuentes, Judith 
245 1 0 |a Para entender el cambio climt̀ico  |h [Recurso electrn̤ico]:  |b un problema de todos, una responsabilidad de todos /  |c Judith Přez Fuentes; Ramn̤ Pacheco Llanes 
256 |a Servicio en ln̕ea 
260 |a Ciudad de Mx̌ico:  |b Cm̀ara de Diputados,  |c 2011 
300 |a 1 recurso electrn̤ico (160p.) 
506 1 |a Disponible solo en los productos indicados  |d vLex Global  |d vLex Global (Academic Edition, excluding Law Schools)  |d vLex Global (U.S. Academic Edition, Law Schools)  |d vLex Global (U.S. Academic Edition, excluding Law Schools)  |d vLex Global (Academic Edition, Law Schools) 
650 0 4 |a Derecho del Medio Ambiente  |z Mx̌ico 
700 1 |a Pacheco Llanes, Ramn̤ 
740 0 |a vLex Libros (Servicio en ln̕ea) 
856 4 0 |u http://vlex.com/source/entender-cambio-climatico-problema-todos-responsabilidad-todos-20879  |z Acceso restringido 
942 |c BOOK 
999 0 |a Environmental law